|
|
|
|
| LEADER |
00000cam a2200000 7i4500 |
| 001 |
0000027756 |
| 005 |
20091020.0 |
| 008 |
091020 |
| 020 |
|
|
|a 0814472567
|
| 090 |
0 |
0 |
|a 658.812
|b FLU
|
| 100 |
1 |
|
|a Fluss, Donna
|
| 245 |
1 |
4 |
|a The real-time contact center :
|b strategies, tactics, and technologies for building a profitable service and sales operation
|c Donna Fluss
|
| 250 |
|
|
|a 1st ed
|
| 260 |
|
|
|a New York :
|b AMACOM ,
|c 2005
|
| 650 |
|
0 |
|a Call centers
|x Computer networks resources
|
| 650 |
|
0 |
|a Call centers
|x Management
|
| 650 |
|
0 |
|a Customer services
|x Management
|
| 999 |
|
|
|a 0001062033
|b Book
|c REFERENCE
|e Cawangan Taman Sri Lambak
|